Movies of 1987 Quiz Stats

 Plays Quiz Updated Apr 30, 2018

Score 0/16 Timer 06:00
4 Plays Today
Picture Movie % Correct
Dirty Dancing
95.8%
Lethal Weapon
81.9%
Good Morning, Vietnam
80%
Wall Street
79.4%
The Princess Bride
76.2%
Predator
74.1%
Planes, Trains & Automobiles
73.3%
Robocop
71.6%
Picture Movie % Correct
The Untouchables
66.3%
Fatal Attraction
64.4%
Full Metal Jacket
62.3%
Moonstruck
60.7%
Spaceballs
53.6%
Raising Arizona
52.8%
Empire of the Sun
16.2%
The Living Daylights
12.7%

You're not logged in!

Compare scores with friends on all Sporcle quizzes.
OR
Log In

Sporcle TV

Today on Sporcle TV


Watch our educational content, quiz creation guides, and fun videos on Sporcle TV.

Show Comments

Extras

Top Quizzes Today


Score Distribution

Your Account Isn't Verified!

In order to create a playlist on Sporcle, you need to verify the email address you used during registration. Go to your Sporcle Settings to finish the process.

Report this User

Report this user for behavior that violates our Community Guidelines.

Details: